| 000 | 01254nam a2200289 a 4500 | ||
|---|---|---|---|
| 001 | 70806 | ||
| 003 | BD-RjUL | ||
| 005 | 20211209082037.0 | ||
| 008 | 170419s1958 enka b 001 0 eng | ||
| 035 | _a(BD-RjUL)71020 | ||
| 040 |
_aDLC _cOAU _dOCoLC _dFrPBIS _dCoU-M _dUk _dDLC _dBD-RjUL _beng |
||
| 041 | _aeng | ||
| 082 |
_a541.22 _223 _bTAB 1958 |
||
| 245 | 0 | 0 |
_aTables of interatomic distances and configuration in molecules and ions / _ccompiled by H.J.M. Bowen [and others] Scientific editor: L.E. Sutton. Assistant scientific editor: D.G. Jenkin. General editors: A.D. Mitchell [and] L.C. Cross. |
| 260 |
_aLondon : _bChemical Society, _c1958. |
||
| 300 |
_avarious page : _bill. ; _c26 cm. |
||
| 410 | 2 | 0 |
_aChemical Society (Great Britain) _tSpecial publication _vno. 11 |
| 500 | _aAccompanied by: Supplement, 1956-1959 (1 v. (various pagings) diagrs. 26 cm.) published: London, Chemical Society, 1965. Call no.: QD65.T3 Suppl. | ||
| 504 | _aBibliography: p. R1-R69. | ||
| 650 | 0 |
_aChemistry _xTables. _9204958 |
|
| 650 | 0 |
_aMolecules. _9209573 |
|
| 650 | 0 |
_aIons. _9209574 |
|
| 700 | 1 |
_aBowen, H. J. M. _q(Humphry John Moule) _9159483 |
|
| 700 | 1 |
_aSutton, Leslie, _d1906-1992, _eed. _9209575 |
|
| 740 | 0 | _aInteratomic distances. | |
| 942 |
_2ddc _cBK |
||
| 999 |
_c70806 _d70806 |
||